00505nam a2200145Ia 4500001000800000003000500008008004100013010001100054040000900065100003400074245016400108260002300272300001000295650005400305Para_88CHAP220125s1985 xx 000 0 und d a198661 cCHAP aGómez Flores, Marco Antonio aRottboellia exaltata L. f. GRAMINEAE, una nueva maleza en el cultivo de la caña de azucar en la región del Papaloapan /c por Marco Antonio Gómez Flores aMéxico :b IMPA a11 p. aCaña de azucarxMalas hierbasxPapaloapan, Oax.